|
|
|
|
| LEADER |
00000cam a22000004a 4500 |
| 001 |
musev2_44578 |
| 003 |
MdBmJHUP |
| 005 |
20230905044650.0 |
| 006 |
m o d |
| 007 |
cr||||||||nn|n |
| 008 |
140827s2014 sp o 00 0 spa d |
| 020 |
|
|
|a 9788486116859
|
| 020 |
|
|
|z 9788486116675
|
| 035 |
|
|
|a (OCoLC)1298513968
|
| 040 |
|
|
|a MdBmJHUP
|c MdBmJHUP
|
| 100 |
1 |
|
|a Reques Velasco, Pedro,
|e autor.
|
| 245 |
1 |
3 |
|a Un mundo asimétrico :
|b Cambio demográfico, globalización y territorio (Microensayos) /
|c Pedro Reques Velasco.
|
| 264 |
|
1 |
|a Santander :
|b Editorial de la Universidad de Cantabria,
|c 2014
|
| 264 |
|
3 |
|a Baltimore, Md. :
|b Project MUSE,
|c 2022
|
| 264 |
|
4 |
|c ©2014
|
| 300 |
|
|
|a 1 online resource (205 pages).
|
| 336 |
|
|
|a text
|b txt
|2 rdacontent
|
| 337 |
|
|
|a computer
|b c
|2 rdamedia
|
| 338 |
|
|
|a online resource
|b cr
|2 rdacarrier
|
| 588 |
|
|
|a Description based on print version record.
|
| 650 |
|
7 |
|a Demografia.
|2 lemac
|
| 650 |
|
7 |
|a Globalització.
|2 lemac
|
| 655 |
|
4 |
|a Llibres electrònics.
|
| 655 |
|
7 |
|a Electronic books.
|2 local
|
| 710 |
2 |
|
|a Project Muse.
|e distributor
|
| 856 |
4 |
0 |
|z Texto completo
|u https://projectmuse.uam.elogim.com/book/44578/
|
| 945 |
|
|
|a Project MUSE - Custom Collection
|